AUS Direct Flights - Statistics

General Stats
  • This quiz has been taken 5 times
  • The average score is 66 of 92
Answers on the Map
Answers color-coded by a green-red scale on the quiz's map according to % correct below.
 
Answer Stats
Answer % Correct
Amsterdam
100%
London
100%
Albuquerque
75%
Asheville
75%
Atlanta
75%
Baltimore/Washington D.C.
75%
Boston
75%
Burbank/Hollywood
75%
Calgary
75%
Cancún
75%
Charleston
75%
Charlotte
75%
Chicago Midway
75%
Chicago O'Hare
75%
Cincinnati/Northern Kentucky
75%
Cleveland
75%
Columbus
75%
Dallas-Fort Worth
75%
Dallas Love Field
75%
Denver
75%
Des Moines
75%
Detroit
75%
El Paso
75%
Fort Lauderdale-Hollywood
75%
Frankfurt
75%
Grand Rapids
75%
Houston Bush
75%
Houston Hobby
75%
Indianapolis
75%
Jacksonville
75%
Kansas City
75%
Knoxville
75%
Las Vegas
75%
Lexington
75%
Los Angeles
75%
Los Cabos
75%
Louisville
75%
McAllen
75%
Memphis
75%
Mexico City
75%
Miami
75%
Milwaukee
75%
Minneapolis-St. Paul
75%
Monterrey
75%
Montréal
75%
Nashville
75%
Newark-New York
75%
New Orleans
75%
New York City
75%
Northwest Arkansas
75%
Oakland
75%
Oklahoma City
75%
Omaha
75%
Ontario
75%
Orlando
75%
Orlando-Sanford
75%
Panama City FL
75%
Panama City PA
75%
Pensacola
75%
Philadelphia
75%
Phoenix
75%
Pittsburgh
75%
Portland
75%
Puerto Vallarta
75%
Raleigh-Durham
75%
Reno-Tahoe
75%
Sacramento
75%
Salt Lake City
75%
San Diego
75%
San Jose
75%
San Juan
75%
Sarasota/Bradenton
75%
Seattle-Tacoma
75%
St. Louis
75%
Tampa
75%
Toronto
75%
Tulsa
75%
Vancouver
75%
Washington Dulles
75%
Washington National
75%
Amarillo
50%
Aspen
50%
Harlingen
50%
Long Beach
50%
Lubbock
50%
Madison
50%
Midland
50%
Palm Springs
50%
Provo
50%
San Francisco
50%
Santa Ana
50%
Gainesville
25%
No matching quizzes found
Score Distribution
Percent of People with Each Score
Percentile by Number Answered
Your Score History
You have not taken this quiz